Things that are Clear by Picture - Statistics

General Stats
  • This quiz has been taken 48 times
  • The average score is 10 of 18
Answer Stats
Picture Hint Answer % Correct
material Glass
98%
gemstone Diamond
91%
paranormal being Ghost
91%
phenomenon Bubbles
89%
type of building Greenhouse
84%
animal Jellyfish
80%
biological material Spider silk
80%
type of alcohol Vodka
66%
food product Gelatin
59%
this museum's main pyramid The Louvre
59%
the guard hairs of this animal's fur Polar bear
48%
protection gear Riot shield
32%
scientific instrument Petri dish
27%
microscopic animal Tardigrade
27%
stereotypically, the waters of this New World sea The Caribbean Sea
23%
destroyed building The Crystal Palace
11%
products manufactured by this company {Waterford} crystal
9%
fish X-ray fish
5%
No matching quizzes found
Score Distribution
Percent of People with Each Score
Percentile by Number Answered
Your Score History
You have not taken this quiz